000 00499pab a2200169 454500
008 180718b2006 xxu||||| |||| 00| 0 eng d
100 _aCollinson, Simon
245 _aInertia in Japanese Organizations: knowledge management routines and failure to innovate
260 _c2006
300 _ap.1359-387.
650 _aKnowledge management - Japan
650 _aOrganizations - Japan
650 _aOrganizations
700 _aWilson, David C.
773 _aOrganization Studies
909 _a72003
999 _c72003
_d72003